00277nam a22000977a 4500008004100000082001600041100002100057245006800078260002400146300000900170230602b xxu||||| |||| 00| 0 eng d a302.23bOCH cFRANCIS W.OCHOLA aAspects of mass communication and Journalism Research on Africa akenya, East Africa  a103p